00522nam a2200181Ia 4500008004100000082000800041100001900049245005000068250000600118260002800124300001000152500002400162650001500186700002500201942000700226952009000233999001700323230524s9999 xx 000 0 und d bVAS aNeeru Vasishth 0aBusiness Ethics and Values: With Case Studies a2 aNew DelhibTaxmanc2015 a276p; aQuantity Number: 1 aManagement aNamita Rajput942691 cBK 00104070aTATCLbTATCLcGENd2023-05-24l0o VASp54044r2023-05-24w2023-05-24yBK c57681d57681